| 000 | 00736cam a2200157 a 4500 | ||
|---|---|---|---|
| 020 | _a0872624188 (pbk.) | ||
| 082 | 0 | 0 |
_a625.734 _bPIP _cD |
| 245 | 0 | 0 |
_aPipeline materials and design : _bproceedings of a session / _csponsored by the Pipeline Division of the American Society of Civil Engineers in conjunction with the ASCE National Convention, San Francisco, California, October 5, 1984 ; B. Jay Schrock, editor. |
| 260 |
_aNew York, N.Y. : _bAmerican Society of Civil Engineers, _cc1984. |
||
| 300 |
_av, 69 p. : _bill. ; _c22 cm. |
||
| 526 |
_a0 _b0 _c0 _d625_734000000000000_PIP |
||
| 650 | 0 |
_aPipelines _xCongresses. _943691 |
|
| 700 | 1 |
_aSchrock, B. Jay. _943692 |
|
| 710 | 2 |
_aAmerican Society of Civil Engineers. _9702 |
|
| 942 |
_2ddc _cBK |
||
| 999 |
_c547500 _d547500 |
||